书目信息 |
| 题名: |
宽频带数字地震记录震相分析
|
|
| 作者: | 刘瑞丰 著 | |
| 分册: | ||
| 出版信息: | 北京 地震出版社 2021.3 |
|
| 页数: | 258页 | |
| 开本: | 26cm | |
| 丛书名: | ||
| 单 册: | ||
| 中图分类: | P315.63 | |
| 科图分类: | ||
| 主题词: | 宽频带--地震记录--震相分析 , 宽频带 , 地震记录 , 震相分析 | |
| 电子资源: | ||
| ISBN: | 978-7-5028-4441-7 | |
| 000 | 01049nam0 2200277 45 | |
| 001 | 012001002831 | |
| 005 | 20141010095328.0 | |
| 010 | @a978-7-5028-4441-7@dCNY80.00 | |
| 100 | @a20141115d2014 em y0chiy50 ea | |
| 101 | 0 | @achi |
| 102 | @aCN@b110000 | |
| 105 | @aa z 000yy | |
| 106 | @ar | |
| 200 | 1 | @a宽频带数字地震记录震相分析@Akuan pin dai shu zi di zhen ji lu zhen xiang fen xi@b专著@f刘瑞丰[等]著 |
| 210 | @a北京@c地震出版社@d2021.3 | |
| 215 | @a258页@c图@d26cm | |
| 304 | @a著者还有:陈翔、沈道康、郑秀芬、杨辉、陈宏峰 | |
| 330 | @a本书的重点是讲述基于宽频带数字地震记录各种震相的基本特征及分析方法。全书共8章,内容包括:地震观测、地震的震相、宽频带数字地震资料仿真、震相特征与震相分析、地方震与近震记录分析、远震与极远震记录分析、中源地震与深源地震记录分析、地震记录上的干扰等。 | |
| 606 | 0 | @a宽频带@x地震记录@x震相分析 |
| 606 | 0 | @a宽频带 |
| 606 | 0 | @a地震记录 |
| 606 | 0 | @a震相分析 |
| 690 | @aP315.63@v5 | |
| 701 | 0 | @a刘瑞丰@Aliu rui feng@4著 |
| 801 | 2 | @aCN@bBJSDL@c20211018 |
| 905 | @b1350500-3@dP315.63@e184@f4 | |
| 宽频带数字地震记录震相分析/刘瑞丰[等]著.-北京:地震出版社,2021.3 |
| 258页:图;26cm |
| ISBN 978-7-5028-4441-7:CNY80.00 |
| 本书的重点是讲述基于宽频带数字地震记录各种震相的基本特征及分析方法。全书共8章,内容包括:地震观测、地震的震相、宽频带数字地震资料仿真、震相特征与震相分析、地方震与近震记录分析、远震与极远震记录分析、中源地震与深源地震记录分析、地震记录上的干扰等。 |
| ● |
| 相关链接 |
|
|
|
|
正题名:宽频带数字地震记录震相分析
索取号:P315.63/184
 
预约/预借
| 序号 | 登录号 | 条形码 | 馆藏地/架位号 | 状态 | 备注 |
| 1 | 1350500 | 213505009 | 第二样本阅览室/ [索取号:P315.63/184] | 在馆 | |
| 2 | 1350501 | 213505018 | 第三借阅区/ [索取号:P315.63/184] | 在馆 | |
| 3 | 1350502 | 213505027 | 第三借阅区/ [索取号:P315.63/184] | 在馆 | |
| 4 | 1350503 | 213505036 | 第三借阅区/ [索取号:P315.63/184] | 在馆 |